| 000 | 00715cam a22002534a 4500 | ||
|---|---|---|---|
| 001 | 13469793 | ||
| 005 | 20180307074252.0 | ||
| 008 | 040123s2004 nyua b 001 0 eng | ||
| 010 | _a 2004101045 | ||
| 020 | _a0716786257 | ||
| 035 | _a(DLC) 2004101045 | ||
| 040 |
_aDLC _cDLC _dDLC |
||
| 041 | _aeng | ||
| 042 | _apcc | ||
| 080 | _a616.89 COM | ||
| 082 | 0 | 0 |
_a616.89 COM _222 |
| 100 | 1 | _a49 | |
| 101 | _aPSI | ||
| 245 | 1 | 0 |
_aFundamentals of abnormal psychology / _cRonald J. Comer. |
| 504 | _aIncludes bibliographical references and index. | ||
| 906 |
_a7 _bcbc _corignew _d2 _eepcn _f20 _gy-gencatlg |
||
| 942 |
_2ddc _cBK |
||
| 999 |
_c44311 _d44311 |
||